IWE ise amuse lori ijinle ede ati litireso Yoruba iwe keta / (Record no. 26034)
[ view plain ]
| 000 -LEADER | |
|---|---|
| fixed length control field | 00695nam a2200217Ia 4500 |
| 008 - FIXED-LENGTH DATA ELEMENTS--GENERAL INFORMATION | |
| fixed length control field | 210303s9999 xx 000 0 und d |
| 016 ## - NATIONAL BIBLIOGRAPHIC AGENCY CONTROL NUMBER | |
| Source | reto2022b |
| 020 ## - INTERNATIONAL STANDARD BOOK NUMBER | |
| ISBN | 9781675241 |
| 040 ## - CATALOGING SOURCE | |
| Original cataloging agency | NLN |
| Language of cataloging | English |
| 245 #0 - TITLE STATEMENT | |
| Title | IWE ise amuse lori ijinle ede ati litireso Yoruba iwe keta / |
| Statement of responsibility, etc | Owolabi Olu ...[et al] |
| 260 ## - PUBLICATION, DISTRIBUTION, ETC. (IMPRINT) | |
| Place of publication | Ibadan (Jericho Road P.M.B 5164) : |
| Name of publisher | Evans Brother's Nigeria Publishers |
| Date of publication | 2005 |
| 300 ## - COLLATION | |
| Pagination | 55p. |
| Other physical details | ; 25cm. |
| 563 ## - BINDING INFORMATION | |
| Binding note | (pbk) |
| 650 ## - TRACINGS | |
| Main Subject | Yoruba literature |
| 650 ## - TRACINGS | |
| Main Subject | Yoruba language |
| Subdivision (1st) | Examinations, questions etc |
| 700 ## - ADDITIONAL AUTHOR | |
| Additional Author | <a href="Olu, Owolabi ...[et al.]">Olu, Owolabi ...[et al.]</a> |
| 942 ## - ADDED ENTRY ELEMENTS (KOHA) | |
| Item type | Books |
| 050 ## - LIBRARY OF CONGRESS CALL NUMBER | |
| Classification number | PL8824 |
| Item number | .I96 |
| 082 ## - DEWEY DECIMAL CLASSIFICATION NUMBER | |
| Classification number | 896.333 |
| Source of classification or shelving scheme | Not for loan | Home library | Current library | Date acquired | Full call number | Barcode. | Koha item type |
|---|---|---|---|---|---|---|---|
| Library of Congress Classification | LAGOS BRANCH | National Library of Nigeria | 04/03/2021 | PL8824 .I96 | 2026-461772 | Books |
